Komentár k zákonu č. 431/2002 Z.z. o účtovníctve

Komentár k zákonu č. 431/2002 Z.z. o účtovníctve. Dokončenie. Napriek tomu, že zákon má určité nedostatky, je porovnateľný s európskym právom.

Salvato in:
Dettagli Bibliografici
Autore principale: Fabian, Štefan
Natura: Capitolo di libro
Lingua:slovacco
Soggetti:
Tags: Aggiungi Tag
Nessun Tag, puoi essere il primo ad aggiungerne!!

MARC

LEADER 00000naa a2200000 4500
001 r048220
005 20231002075345.5
041 0 |a slo 
044 |a SK 
245 1 0 |a Komentár k zákonu č. 431/2002 Z.z. o účtovníctve  |c Štefan Fabian 
520 |a Komentár k zákonu č. 431/2002 Z.z. o účtovníctve. Dokončenie. Napriek tomu, že zákon má určité nedostatky, je porovnateľný s európskym právom. 
610 2 0 |a účtovníctvo 
610 2 0 |a zákony 
610 2 0 |a komentáre 
610 2 0 |a 2002 
100 1 |a Fabian, Štefan